书目信息 |
| 题名: |
跑步圣经
|
|
| 作者: | 戈特 , 梅尔文 著 ;张北安 译 | |
| 分册: | 2 | |
| 出版信息: | 北京 北京科学技术出版社 2018 |
|
| 页数: | 183页 | |
| 开本: | 24cm | |
| 丛书名: | ||
| 单 册: | ||
| 中图分类: | G822.3 | |
| 科图分类: | ||
| 主题词: | 跑--Pao--健身运动--基本知识 | |
| 电子资源: | ||
| ISBN: | 978-7-5304-8924-6 | |
| 000 | 01303nam0 2200289 450 | |
| 001 | 012001001486 | |
| 005 | 20191121103408.79 | |
| 010 | @a978-7-5304-8924-6@dCNY56.00 | |
| 099 | @aCAL 012018049764 | |
| 100 | @a20180503d2018 em y0chiy50 ea | |
| 101 | 1 | @achi@ceng |
| 102 | @aCN@b110000 | |
| 105 | @aak z 000yy | |
| 106 | @ar | |
| 200 | 1 | @a跑步圣经@APao Bu Sheng Jing@d= The art of running faster@h2@e针对速度的跑步训练计划@f(英) 朱利安·戈特, 唐·梅尔文著@g张北安译@zeng |
| 210 | @a北京@c北京科学技术出版社@d2018 | |
| 215 | @a183页@c图@d24cm | |
| 330 | @a热爱跑步的人大概都有这样的热情、执着与渴望:跑得更快、更远、更持久!本书介绍了一种全新的方式,能够帮助你实现目标,使你达到*状态。无论你的年龄多大,无论你是刚刚开始跑步的新人还是富有经验的马拉松爱好者,本书都将改变你的跑步方式以及你可以取得的*成绩。本书将挑战你对跑步这项运动的刻板印象,消除你的疑虑,使你突破自我限制。 | |
| 500 | 10 | @aThe art of running faster@mChinese |
| 517 | 1 | @a针对速度的跑步训练计划@AZhen Dui Su Du De Pao Bu Xun Lian Ji Hua |
| 606 | 0 | @a跑@APao@x健身运动@x基本知识 |
| 690 | @aG822.3@v4 | |
| 701 | 1 | @a戈特@AGe Te@g(Goater, Julian)@4著 |
| 701 | 1 | @a梅尔文@AMei Er Wen@g(Melvin, Don)@4著 |
| 702 | 0 | @a张北安@AZhang Bei An@4译 |
| 801 | 0 | @aCN@b北京卓展@c20191020 |
| 905 | @b1201992-3@dG822.3@e155:2@f2 | |
| 跑步圣经= The art of running faster.2:针对速度的跑步训练计划/(英) 朱利安·戈特, 唐·梅尔文著/张北安译.-北京:北京科学技术出版社,2018 |
| 183页:图;24cm |
| ISBN 978-7-5304-8924-6:CNY56.00 |
| 热爱跑步的人大概都有这样的热情、执着与渴望:跑得更快、更远、更持久!本书介绍了一种全新的方式,能够帮助你实现目标,使你达到*状态。无论你的年龄多大,无论你是刚刚开始跑步的新人还是富有经验的马拉松爱好者,本书都将改变你的跑步方式以及你可以取得的*成绩。本书将挑战你对跑步这项运动的刻板印象,消除你的疑虑,使你突破自我限制。 |
| ● |
| 相关链接 |
|
|
|
|
正题名:跑步圣经
索取号:G822.3/155:2
 
预约/预借
| 序号 | 登录号 | 条形码 | 馆藏地/架位号 | 状态 | 备注 |
| 1 | 1201992 | 212019929 | 第一样本阅览室/ [索取号:G822.3/155:2] | 在馆 | |
| 2 | 1201993 | 212019938 | 第四借阅区/ [索取号:G822.3/155:2] | 在馆 |